Skip to main content
Your cart is empty.
Your lists
Log in to create your own lists
Your cookies
العربية
English
العربية
Home
Search
Advanced search
Authority search
About
The noble scholar, jurist, historian
His Excellency Dr. Abdul Wahhab bin Ibrahim Abu Sulaiman, may Allah have mercy on him.
He was born in Umm Al-Qura in the year 1356 AH.
Library catalog
Title
Author
Subject
ISBN
ISSN
Series
Call number
Log in to your account
×
Login:
Password:
Home
MARC view: دور الكتب العربية العامة وشبه العامة لبلاد العراق والشام ومصر في العصر الوسيط /
Normal view
MARC view
ISBD view
دور الكتب العربية العامة وشبه العامة لبلاد العراق والشام ومصر في العصر الوسيط / (Record no. 8296)
[
view plain
]
MARC details
000 -LEADER
fixed length control field
01790cam a22003731i 4500
003 - CONTROL NUMBER IDENTIFIER
control field
SA-RiAUC
005 - DATE AND TIME OF LATEST TRANSACTION
control field
20250523165438.0
008 - FIXED-LENGTH DATA ELEMENTS--GENERAL INFORMATION
fixed length control field
250520s1991 le g b 000 0 ara c
040 ## - CATALOGING SOURCE
Original cataloging agency
JO-IrJUST
Language of cataloging
ara
Transcribing agency
SA-RiAUC
Description conventions
rda
041 1# - LANGUAGE CODE
Language code of text/sound track or separate title
ara
Language code of original
fre
043 ## - GEOGRAPHIC AREA CODE
Geographic area code
a-iq---
--
f-ua---
--
a-sy---
082 04 - DEWEY DECIMAL CLASSIFICATION NUMBER
Classification number
027.09
Assigning agency
SA-RiAUC
090 ## - LOCALLY ASSIGNED LC-TYPE CALL NUMBER (OCLC); LOCAL CALL NUMBER (RLIN)
Classification number (OCLC) (R) ; Classification number, CALL (RLIN) (NR)
027.09
Local cutter number (OCLC) ; Book number/undivided call number, CALL (RLIN)
ع ش
100 1# - MAIN ENTRY--PERSONAL NAME
Personal name
العش، يوسف،
Dates associated with a name
1911-1967
Relator term
مؤلف.
245 10 - TITLE STATEMENT
Title
دور الكتب العربية العامة وشبه العامة لبلاد العراق والشام ومصر في العصر الوسيط /
Statement of responsibility, etc.
يوسف العش ؛ ترجمه عن الفرنسية نزار أباظة، محمد صباغ.
250 ## - EDITION STATEMENT
Edition statement
الطبعة الأولى.
264 #1 - PRODUCTION, PUBLICATION, DISTRIBUTION, MANUFACTURE, AND COPYRIGHT NOTICE
Place of production, publication, distribution, manufacture
بيروت ؛
--
دمشق :
Name of producer, publisher, distributor, manufacturer
دار الفكر المعاصر،
Date of production, publication, distribution, manufacture, or copyright notice
1991
300 ## - PHYSICAL DESCRIPTION
Extent
438 صفحة ؛
Dimensions
24 سم.
336 ## - CONTENT TYPE
Content type term
نص
Content type code
txt
Source
rdacontent
Materials specified
كتاب
337 ## - MEDIA TYPE
Media type term
بدون وسيط
Media type code
n
Source
rdamedia
338 ## - CARRIER TYPE
Carrier type term
مجلد
Carrier type code
nc
Source
rdacarrier
490 0# - SERIES STATEMENT
Series statement
إصدارات مركز جمعة الماجد للثقافة والتراث (دبي، الإمارات العربية المتحدة)
504 ## - BIBLIOGRAPHY, ETC. NOTE
Bibliography, etc. note
يشتمل على إرجاعات ببليوجرافية.
650 #7 - SUBJECT ADDED ENTRY--TOPICAL TERM
Topical term or geographic name entry element
المكتبات الإسلامية
General subdivision
تاريخ
Source of heading or term
aucsh
650 #7 - SUBJECT ADDED ENTRY--TOPICAL TERM
Topical term or geographic name entry element
المكتبات العامة
Geographic subdivision
بلاد الشام
General subdivision
تاريخ
Source of heading or term
aucsh
650 #7 - SUBJECT ADDED ENTRY--TOPICAL TERM
Topical term or geographic name entry element
المكتبات العامة
Geographic subdivision
مصر
General subdivision
تاريخ
Source of heading or term
aucsh
650 #7 - SUBJECT ADDED ENTRY--TOPICAL TERM
Topical term or geographic name entry element
الكتب العربية
General subdivision
تاريخ
Source of heading or term
aucsh
650 #7 - SUBJECT ADDED ENTRY--TOPICAL TERM
Topical term or geographic name entry element
المخطوطات العربية
General subdivision
تاريخ
Source of heading or term
aucsh
650 #7 - SUBJECT ADDED ENTRY--TOPICAL TERM
Topical term or geographic name entry element
المكتبات
General subdivision
تاريخ
Source of heading or term
aucsh
700 1# - ADDED ENTRY--PERSONAL NAME
Personal name
أباظة، نزار محمد،
Dates associated with a name
1946-
Relator term
مترجم.
700 1# - ADDED ENTRY--PERSONAL NAME
Personal name
صباغ، محمد
Relator term
مترجم.
942 ## - ADDED ENTRY ELEMENTS (KOHA)
Source of classification or shelving scheme
Dewey Decimal Classification
Koha item type
Books
Suppress in OPAC
No
949 ## - LOCAL PROCESSING INFORMATION (OCLC)
a
SA-JeALM
d
250520
u
mohamedma123
n
1
Holdings
Withdrawn status
Lost status
Source of classification or shelving scheme
Damaged status
Not for loan
Home library
Current library
Date acquired
Total checkouts
Full call number
Barcode
Date last seen
Price effective from
Koha item type
Dewey Decimal Classification
DR AbdElwahab Library
DR AbdElwahab Library
05/23/2025
027.09 ع ش
000013518
05/23/2025
05/23/2025
Books
Dewey Decimal Classification
DR AbdElwahab Library
DR AbdElwahab Library
07/27/2025
027.09 ع ش
000016759
07/27/2025
07/27/2025
Books
Place hold
Print
Add to your cart
(remove)
Save record
BIBTEX
Dublin Core
MARCXML
MARC (non-Unicode/MARC-8)
MARC (Unicode/UTF-8)
MARC (Unicode/UTF-8, Standard)
MODS (XML)
RIS
ISBD
More searches
Search for this title in:
Other Libraries (WorldCat)
Other Databases (Google Scholar)
Online Stores (Bookfinder.com)
Open Library (openlibrary.org)
Exporting to Dublin Core...
×
Simple DC-RDF
OAI-DC
SRW-DC